000 00304nam a22001457a 4500
008 210311b ||||| |||| 00| 0 eng d
020 _a0201066734
041 _aeng
080 _22nd
_a510
082 _a510
100 _a36
101 _aMAT
245 _aAlgorithms
_cSedgewick, R
942 _2udc
_cBK
999 _c56291
_d56291